000 00365nam a2200145Ia 4500
008 191201s2005 xx 000 0 und d
082 _a006.7
_bLIF
100 _aLe, Ze-Nian and Drew, Mark S
245 0 _aFundamentals of multimedia
250 _a2nd
260 _aN.Delhi
_bPearson Education
_c2005
300 _a560
650 _aB.Tech(CSE)
942 _2ddc
_cBK
_01
999 _c1207
_d1207